000 00205 a2200097 4500
001 2563
100 _aMusa, Muhammad
245 _aJawan to general
260 _a
_bEast & West Pub.
_c
090 _c1859
_d1859
942 _aNUST-CAE
_cM
_c9546
999 _c237636
_d237636